000 00283nam a22001457a 4500
003 SGT
020 _a81-7450-660-8
082 _a150
_bNCE
100 _aNCERT
245 _aPHYCHOLOGY
260 _aNCERT NEW DELHI
_c2007
300 _a208
650 _aEDUCATION
942 _2ddc
_cBK
999 _c23151
_d23151